Sports Quiz

Random Sports or NFL Quiz

4-Letter Sports Teams Quiz Stats

 Plays Quiz Updated Nov 14, 2017

Score 0/12 Timer 03:00
39 Plays Today
Team % Correct
Chicago Cubs
81.1%
New York Jets
79.8%
Winnipeg Jets
76.8%
Miami Heat
71.3%
New York Mets
65.7%
Cincinnati Reds
65.7%
Utah Jazz
62.5%
Brooklyn Nets
59.1%
Tampa Bay Rays
54.4%
Los Angeles Rams
49.6%
Phoenix Suns
47.6%
Minnesota Wild
43%

You're not logged in!

Compare scores with friends on all Sporcle quizzes.
OR
Log In

Sporcle TV

Today on Sporcle TV


Watch our educational content, quiz creation guides, and fun videos on Sporcle TV.

Show Comments

Extras

Top Quizzes Today


Score Distribution

Your Account Isn't Verified!

In order to create a playlist on Sporcle, you need to verify the email address you used during registration. Go to your Sporcle Settings to finish the process.

Report this User

Report this user for behavior that violates our Community Guidelines.

Details: